The Changing Politics of Foreign Policy / (Record no. 4897)
[ view plain ]
| 000 -LEADER | |
|---|---|
| fixed length control field | 01138nac a22002771u 4500 |
| 090 ## - LOCALLY ASSIGNED LC-TYPE CALL NUMBER (OCLC); LOCAL CALL NUMBER (OCLC) | |
| -- | 4897 |
| 008 - FIXED-LENGTH DATA ELEMENTS--GENERAL INFORMATION | |
| fixed length control field | 080813t xxu||||| |||| 00| 0 eng d |
| 010 ## - LIBRARY OF CONGRESS CONTROL NUMBER | |
| LC control number | 2002075289 |
| 020 ## - INTERNATIONAL STANDARD BOOK NUMBER | |
| International Standard Book Number | 97803337542 |
| 020 ## - INTERNATIONAL STANDARD BOOK NUMBER | |
| International Standard Book Number | 0333754212 (cloth) |
| 020 ## - INTERNATIONAL STANDARD BOOK NUMBER | |
| International Standard Book Number | 0333754239 (paper) |
| 022 ## - INTERNATIONAL STANDARD SERIAL NUMBER | |
| International Standard Serial Number | 9780333754238 |
| 082 00 - DEWEY DECIMAL CLASSIFICATION NUMBER | |
| Classification number | 327.1 |
| Item number | HIL |
| 100 ## - MAIN ENTRY--PERSONAL NAME | |
| Personal name | Hill, Christopher. |
| 9 (RLIN) | 1316 |
| 245 14 - TITLE STATEMENT | |
| Title | The Changing Politics of Foreign Policy / |
| Statement of responsibility, etc | Christopher Hill. |
| 260 ## - PUBLICATION, DISTRIBUTION, ETC. (IMPRINT) | |
| Place of publication, distribution, etc | Houndmills, Basingstoke, Hampshire ; |
| -- | New York : |
| Name of publisher, distributor, etc | Palgrave MacMillan, |
| Date of publication, distribution, etc | c2003. |
| 260 ## - PUBLICATION, DISTRIBUTION, ETC. (IMPRINT) | |
| Name of publisher, distributor, etc | Distributer: Bacca. |
| 300 ## - PHYSICAL DESCRIPTION | |
| Extent | xx, 376 p. ; |
| Dimensions | 22 cm. |
| 504 ## - BIBLIOGRAPHY, ETC. NOTE | |
| Bibliography, etc | Includes bibliographical references (p. 308-361) and index. |
| 650 #0 - SUBJECT ADDED ENTRY--TOPICAL TERM | |
| Topical term or geographic name as entry element | International relations |
| General subdivision | Political aspects. |
| 9 (RLIN) | 1317 |
| 650 #0 - SUBJECT ADDED ENTRY--TOPICAL TERM | |
| Topical term or geographic name as entry element | International relations |
| General subdivision | Psychological aspects. |
| 9 (RLIN) | 1318 |
| 856 42 - ELECTRONIC LOCATION AND ACCESS | |
| Materials specified | Contributor biographical information |
| Uniform Resource Identifier | <a href="http://www.loc.gov/catdir/bios/hol052/2002075289.html">http://www.loc.gov/catdir/bios/hol052/2002075289.html</a> |
| 856 42 - ELECTRONIC LOCATION AND ACCESS | |
| Materials specified | Table of contents |
| Uniform Resource Identifier | <a href="http://www.loc.gov/catdir/toc/hol041/2002075289.html">http://www.loc.gov/catdir/toc/hol041/2002075289.html</a> |
| 856 42 - ELECTRONIC LOCATION AND ACCESS | |
| Materials specified | Publisher description |
| Uniform Resource Identifier | <a href="http://www.loc.gov/catdir/description/hol032/2002075289.html">http://www.loc.gov/catdir/description/hol032/2002075289.html</a> |
| 942 ## - ADDED ENTRY ELEMENTS (KOHA) | |
| Item type | Book - Borrowing |
| Call number prefix | 327.1HIL |
| Source of classification or shelving scheme | Dewey Decimal Classification |
| Withdrawn status | Item status | Source of classification or shelving scheme | Damaged status | Not for loan | Home library | Current library | Shelving location | Date acquired | Source of acquisition | Total Checkouts | Total Renewals | Full call number | Barcode | Date last seen | Date last borrowed | Cost, replacement price | Koha item type |
|---|---|---|---|---|---|---|---|---|---|---|---|---|---|---|---|---|---|
| Dewey Decimal Classification | Central Library | Central Library | First floor | 27/09/2007 | Purchase | 11 | 17 | 327.1 HIL | 000005967 | 15/07/2025 | 24/07/2022 | 2027.00 | Book - Borrowing | ||||
| Dewey Decimal Classification | Central Library | Central Library | First floor | 23/11/2008 | Purchase | 17 | 74 | 327.1 HIL | 000014260 | 15/07/2025 | 18/10/2021 | Book - Borrowing | |||||
| Dewey Decimal Classification | Central Library | Central Library | First floor | 23/11/2008 | Purchase | 4 | 327.1 HIL | 000014261 | 15/07/2025 | 10/10/2013 | NB - Book (Non borrowing) |